Les européens MVP dans l'histoire de la NBA - Statistiques

Statistiques générales
  • Ce quiz a été pris 699 fois
  • Le résultat moyen est 5 sur 5
Statistiques - réponses
Saison Joueur % Correct
2020-2021 Nikola Jokić
99%
2021-2022 Nikola Jokić
99%
2018-2019 Giánnis Antetokoúnmpo
94%
2019-2020 Giánnis Antetokoúnmpo
94%
2006-2007 Dirk Nowitzki
84%
Aucun quiz correspondant
Distribution des résultats
% des personnes avec chaque résultat
Percentile par nombre de réponses
Votre historique - résultats
Vous n’avez pas pris ce quiz